| 000 | 00716nam a2200217 i 4500 | ||
|---|---|---|---|
| 001 | 187493 | ||
| 003 | ES-MaACL | ||
| 005 | 20240613063027.0 | ||
| 008 | 170912s1973 sp |||| | spa d | ||
| 020 | _a84-7232-217-3 | ||
| 080 | _a821.134.2(82)-14"19" | ||
| 100 | 1 |
_aSantiago, José Alberto, _d1934-2003 _9103380 |
|
| 245 | 1 | 0 |
_aFormalidades / _cJosé Alberto Santiago. |
| 260 |
_aMadrid : _bCultura Hispánica, _c1973. |
||
| 300 |
_a94 p. ; _c20 cm. |
||
| 490 | 1 |
_aColección poética "Leopoldo Panero" ; _v23 |
|
| 586 | _aPremio de poesía "Leopoldo Panero", 1972 | ||
| 830 | 1 |
_aColección poética "Leopoldo Panero" ; _v23 _9182594 |
|
| 852 |
_aES-MaACL _jP-2 Nº 23 |
||
| 999 |
_c187493 _d187493 |
||